000 00638nam a2200169 a 4500
001 000034971
005 20200930074023.0
008 111024s1955 ag a 000 0 spa d
040 _aDO-SdBNP
_bspa
_cBNPHU
082 _axxxx
_bB338
100 1 _aBaudin, Louis
_960565
240 1 0 _aLa vie quotidienne au temps des derniers Incas
_lEspañol
245 1 3 _aLa vida cotidiana en el tiempo de los últimos Incas. /
_cLouis Baudin ; traducción de Celia Beatriz Pierini de Pagés Larraya.
260 _aBuenos Aires :
_bLibreria Hachette,
_c1955.
300 _a311 p. ;
_c22 cm.
700 1 _aPierini de Pagés Larraya, Celia Beatriz,
_etr.
_960566
999 _c34462
_d34462